Galactik Football-Tous les fluides - Statistiques

Statistiques générales
  • Ce quiz a été pris 108 fois
    95 depuis la dernière actualisation
  • Le résultat moyen est 3 sur 10
Statistiques - réponses
Planète d'origine
et Equipe utilisatrice
Nom du Fluide % Correct
Archipel ShadowsShadows Smog
96%
AkillianSnow Kids Souffle d'Akillian
74%
UnadarRykers Cri de Métal
28%
Génèse StadiumPas d'équipe, fluide artificiel Méta-Fluide
28%
Génèse StadiumPas d'équipe, fluide artificiel Multi-Fluide
27%
HektoniaElektra Vague Hectonia
20%
Archipel des XenonsXenons Fournaise de Xenon
19%
Planète Wamba (Lune d'Ibo)Wambas Esprit d'Ibo
5%
CyclopiaCyclopes Onde Cérébrale
3%
XzionLightnings Vague Ionique
3%
Aucun quiz correspondant
Distribution des résultats
% des personnes avec chaque résultat
Percentile par nombre de réponses
Votre historique - résultats
Vous n’avez pas pris ce quiz depuis la dernière actualisation